000 01266nam a2200217Ia 4500
003 Ost
005 20260416102401.0
008 260416s9999||||xx |||||||||||||| ||und||
040 _cfsecg
041 _aara
082 _a338.5
100 _aدودان، حنان
_eمؤلف
245 0 _aمحاضرات في الإقتصاد الجزئي 1 مدعمة بتمارين محلولة :
_bموجهة لطلبة السنة الأول جذع مشترك علوم الاقتصادية والعلوم التجارية وعلوم التسيير /
_c حنان دودان
260 _aالجزائر
_bجامعة الجزائر3: كلية العلوم الإقتصادية، العلوم التجارية وعلوم التسيير
_c2023
300 _a156 ورقة
_bايضاحات
_c12 سم
504 _aالمراجع ص.153
520 _aمدخل لعلم الاقتصاد،قانون العرض والطلب،المرونات،توازن السوق وتطبيقاته،نظرية سلوك المستهلك،نظرية سلوك المنتج.
653 _aالاقتصاد الجزئي
710 _aجامعة الجزائر3: كلية العلوم الإقتصادية، العلوم التجارية وعلوم التسيير
_eناشر علمي
942 _cHANDOUT
999 _c41408
_d41408